000 00583nam a2200229Ia 4500
003 OSt
005 20220918192409.0
006 a|||||r|||| 00| 0
007 ta
008 220917b |||||||| |||| 00| 0 eng d
024 _a68,152
037 _cTextual
040 _aARTS
_cARTS
_beng
041 _2eng
_aeng
082 _aO:2J64:9, H93
100 _aHotson Leslie
245 0 _aShakespeare's sonnets dated and other essays
260 _c1949
650 _aENGLISH LITERATURE
942 _hO:2J64:9, H93
_cTEXL
_2CC
999 _c194338
_d194338